Normal view MARC view
  • Captain Ahmad Saeed Rehmani

Entry Personal Name

Number of records used in: 1

001 - CONTROL NUMBER

  • control field: 48503

003 - CONTROL NUMBER IDENTIFIER

  • control field: NUST

005 - DATE AND TIME OF LATEST TRANSACTION

  • control field: 20210314134049.0

008 - FIXED-LENGTH DATA ELEMENTS

  • fixed length control field: 210314|| aca||aabn | a|a d

040 ## - CATALOGING SOURCE

  • Original cataloging agency: NUST
  • Transcribing agency: NUST

100 ## - HEADING--PERSONAL NAME

  • Personal name: Captain Ahmad Saeed Rehmani

670 ## - SOURCE DATA FOUND

  • Source citation: Work cat.: (NUST): Captain Ahmad Saeed Rehmani, An experimental laboratory study on utility of reclaimed asphalt pavement in recycled flexible pavement mix design, 2001
© 2023 Central Library, National University of Sciences and Technology. All Rights Reserved.